| 000 | 005310000a22001930004500 | ||
|---|---|---|---|
| 001 | 001742 | ||
| 003 | MACL | ||
| 005 | 20150714145514.0 | ||
| 008 | 150714b xxu||||| |||| 00| 0 eng d | ||
| 040 |
_aMACL _cMACL |
||
| 041 | _aEnglish | ||
| 082 | _a323/JAF | ||
| 100 |
_aJaffrelot, Christophe _92057 |
||
| 245 |
_aDr. Ambedkar And Untouchability _bAnalysing And Fighting Caste _cChristophe Jaffrelot |
||
| 260 |
_aNew Delhi _c2005 _bPermanent Black, |
||
| 350 | _a495 | ||
| 650 |
_aPolitical science _988 |
||
| 942 |
_k323 _cBK _2ddc |
||
| 999 |
_c13659 _d13659 |
||